Stratégia národnej bezpečnosti Maďarska

Bibliographic Details
Main Author: Škopec, Robert (Author)
Format: Article
Language:Slovak
ISSN:1335-440X
Subjects:

MARC

LEADER 00000nab a2200000 a 4500
001 vtls000800430
003 SK-MaSNL
005 20260302155718.0
008 160405c2002 xo 0 slo
015 |a SNBRB2002/07-22689 
035 |a CLN000152085 
040 |a SNKBUCL  |b slo  |c SNKBUCL  |e AACR2 
041 0 |a slo 
044 |a xo  |c SK 
080 |a 327(439)  |2 1997 
100 1 |a Škopec, Robert  |4 aut  |9 841064 
245 1 0 |a Stratégia národnej bezpečnosti Maďarska  |c Robert Škopec 
651 7 |a Maďarsko  |x politika zahraničná  |x politika bezpečnostná  |2 snkbucl  |9 854609 
655 7 |a články z novín a časopisov  |2 snkbucl  |9 267496 
773 0 |x 1335-440X  |t Sme  |g Roč. 10, č. 134 (11.6.2002), s. 8 
850 |a Slovenská národná knižnica v Martine 
852 |a SNK  |b KIS3GCP 
958 |a HU 
958 |a RBX 
999 |c 1372349  |d 1374279